[Event "Regionalliga SW 0506"]
[Site "Bayern"]
[Date "2005.10.23"]
[Round "1.2"]
[White "Danschczyk, Christian"]
[Black "Bozic, Milan"]
[Result "0-1"]
[WhiteElo "2254"]
[BlackElo "2387"]
[PlyCount "90"]
[EventDate "2005.10.23"]
[EventType "team-tourn"]
[EventRounds "9"]
[EventCountry "GER"]
[SourceTitle "EXT 2007"]
[Source "ChessBase"]
[SourceDate "2006.11.23"]
[SourceVersion "1"]
[SourceVersionDate "2006.11.23"]
[SourceQuality "1"]

1. d4 c5 2. e3 Nf6 3. Nf3 g6 4. c3 Qc7 5. Bd3 Bg7 6. 0-0 0-0 7. Re1 d6 8. Nbd2 e5 9. e4 cxd4 10. cxd4 Nc6 11. d5 Nb4 12. Bb1 a5 13. h3 Bd7 14. a3 Na6 15. Nf1 Rfc8 16. Bd2 Nh5 17. Ne3 Nc5 18. Bc2 Nf4 19. Bc3 Bb5 20. Nd2 Ncd3 21. Rf1 Bh6 22. Ng4 Bg7 23. Ne3 Ba6 24. a4 Ne2+ 25. Qxe2 Nxb2 26. Qxa6 bxa6 27. Bxb2 Rab8 28. Ba3 Qc3 29. Rfd1 Bh6 30. Ndf1 Bf8 31. Ra2 Qc7 32. Nd2 Bh6 33. Ndc4 Bxe3 34. Nxe3 Qd7 35. Raa1 Rc3 36. Ra2 h5 37. Rda1 Rf8 38. Bc1 f5 39. Bd2 Rc5 40. f3 f4 41. Nf1 Rb8 42. Bd3 Qc8 43. Kf2 Rb3 44. Ke2 Qb7 45. Rd1 Rxd3 0-1

[Event "Regionalliga SW 0405"]
[Site "Bayern"]
[Date "2005.04.10"]
[Round "9.1"]
[White "Urankar, Hans Peter"]
[Black "Danschczyk, Christian"]
[Result "1/2-1/2"]
[WhiteElo "2147"]
[BlackElo "2284"]
[PlyCount "42"]
[EventDate "2004.10.24"]
[EventType "team-tourn"]
[EventRounds "9"]
[EventCountry "GER"]
[SourceTitle "EXT 2007"]
[Source "ChessBase"]
[SourceDate "2006.11.23"]
[SourceVersion "1"]
[SourceVersionDate "2006.11.23"]
[SourceQuality "1"]
[WhiteTeam "Unterhaching"]
[BlackTeam "Sendling SC"]
[WhiteTeamCountry "GER"]
[BlackTeamCountry "GER"]

1. g3 g6 2. Bg2 Bg7 3. d4 Nf6 4. e4 d6 5. Nc3 0-0 6. Nge2 Nbd7 7. 0-0 c5 8. a4 cxd4 9. Nxd4 Ne5 10. h3 Bd7 11. f4 Nc4 12. Qd3 Rc8 13. Nde2 a6 14. b3 Na5 15. Be3 Nc6 16. g4 Nb4 17. Qd2 b5 18. axb5 axb5 19. Rac1 Qc7 20. Rfe1 Rfd8 21. Nxb5 Qa5 1/2-1/2

[Event "Regionalliga SW 0405"]
[Site "Bayern"]
[Date "2005.02.13"]
[Round "7.1"]
[White "Martin, Milan"]
[Black "Danschczyk, Christian"]
[Result "1/2-1/2"]
[WhiteElo "2016"]
[BlackElo "2284"]
[PlyCount "167"]
[EventDate "2004.10.24"]
[EventType "team-tourn"]
[EventRounds "9"]
[EventCountry "GER"]
[SourceTitle "EXT 2007"]
[Source "ChessBase"]
[SourceDate "2006.11.23"]
[SourceVersion "1"]
[SourceVersionDate "2006.11.23"]
[SourceQuality "1"]
[WhiteTeam "Muenchen Schwabing/Nord II"]
[BlackTeam "Sendling SC"]
[WhiteTeamCountry "GER"]
[BlackTeamCountry "GER"]

1. e4 c5 2. Nf3 Nc6 3. Bb5 g6 4. Bxc6 bxc6 5. 0-0 Bg7 6. Nc3 e5 7. d3 Ne7 8. Be3 d6 9. Qd2 0-0 10. Bh6 f5 11. Bxg7 Kxg7 12. exf5 Nxf5 13. Ne4 h6 14. c3 Be6 15. d4 exd4 16. cxd4 c4 17. Qc3 Bd5 18. Ned2 Nh4 19. Nxh4 Qxh4 20. Nxc4 Rf3 21. Ne3 Raf8 22. Qd2 Qg5 23. Rad1 Be4 24. d5 c5 25. b4 R8f4 26. g3 cxb4 27. Ng2 Rf7 28. Qxg5 hxg5 29. Rd4 Bd3 30. Ne1 Bxf1 31. Nxf3 Rxf3 32. Kxf1 a5 33. Rd2 Rc3 34. Kg2 a4 35. Rd4 Ra3 36. Rxb4 Rxa2 37. Rb6 a3 38. Rxd6 Rd2 39. Ra6 a2 40. Kf3 Rxd5 41. Rxa2 Rb5 42. h3 Rb4 43. Ra6 Kf7 44. Rd6 Ra4 45. Rd2 Kf6 46. Re2 Ra1 47. Rd2 Ra3+ 48. Ke4 Ra4+ 49. Rd4 Ra6 50. f4 gxf4 51. Kxf4 Rb6 52. h4 Rb1 53. Rd6+ Kg7 54. Re6 Rb4+ 55. Re4 Rb5 56. Re5 Rb7 57. Kg5 Ra7 58. Rd5 Rb7 59. Kf4 Ra7 60. g4 Ra4+ 61. Kg5 Ra7 62. Re5 Rb7 63. Kf4 Rb4+ 64. Re4 Rb7 65. Rd4 Ra7 66. g5 Rb7 67. Ke5 Ra7 68. Ke6 Ra6+ 69. Rd6 Ra4 70. Rd7+ Kg8 71. Kf6 Ra6+ 72. Ke5 Ra4 73. Rd4 Ra1 74. Rd8+ Kf7 75. Rd7+ Kf8 76. Ke6 Ra4 77. h5 Ra6+ 78. Ke5 gxh5 79. Kf5 Kg8 80. g6 h4 81. Kg5 h3 82. Kh6 Ra8 83. Rd2 Rb8 84. Rh2 1/2-1/2

[Event "Regionalliga SW 0304"]
[Site "Bayern"]
[Date "2004.03.07"]
[Round "7.1"]
[White "Danschczyk, Christian"]
[Black "Bachus, Josef"]
[Result "1/2-1/2"]
[WhiteElo "2307"]
[BlackElo "2142"]
[PlyCount "111"]
[EventDate "2003.10.??"]
[EventType "team"]
[EventRounds "9"]
[EventCountry "GER"]
[SourceTitle "EXT 2006"]
[Source "ChessBase"]
[SourceDate "2005.11.24"]
[SourceVersion "1"]
[SourceVersionDate "2005.11.24"]
[SourceQuality "1"]
[WhiteTeam "Muenchen Sendling"]
[BlackTeam "Burlafingen"]
[WhiteTeamCountry "GER"]
[BlackTeamCountry "GER"]

1. c4 f5 2. b3 e5 3. Bb2 d6 4. g3 Nf6 5. Bg2 Nc6 6. d3 g6 7. Nf3 Bg7 8. 0-0 0-0 9. Nbd2 Rb8 10. Rc1 h6 11. c5 Be6 12. cxd6 Qxd6 13. Nc4 Bxc4 14. Rxc4 Rfd8 15. Qa1 Ne8 16. Rfc1 Nd4 17. Nxd4 exd4 18. Bf3 c6 19. Ra4 a6 20. Rcc4 c5 21. Ra5 b5 22. Rc2 Qb6 23. Qe1 Rbc8 24. Ra3 Bf8 25. Qa5 Rd6 26. Qxb6 Rxb6 27. Bxd4 cxd4 28. Rxc8 Bxa3 29. Rxe8+ Kf7 30. Rc8 Bd6 31. Bd5+ Kf6 32. Rh8 Kg7 33. Rd8 Kf6 34. Rd7 Ke5 35. Bg8 g5 36. Ra7 Rc6 37. a4 Rc8 38. Bf7 Rc7 39. Rxc7 Bxc7 40. Be8 bxa4 41. bxa4 f4 42. Kg2 Ba5 43. Bc6 Be1 44. Be8 Bd2 45. Kf3 a5 46. gxf4+ gxf4 47. Kg4 Kf6 48. Bc6 Be1 49. Kh5 Kg7 50. h3 Bd2 51. Bf3 Be1 52. Kg4 Bxf2 53. Kxf4 Be3+ 54. Ke5 Kf7 55. Bg4 Ke7 56. h4 1/2-1/2

[Event "Regionalliga SW 0304"]
[Site "Bayern"]
[Date "2003.11.02"]
[Round "2.1"]
[White "Schuetz, Guenter"]
[Black "Danschczyk, Christian"]
[Result "0-1"]
[WhiteElo "2154"]
[BlackElo "2307"]
[PlyCount "54"]
[EventDate "2003.10.??"]
[EventType "team"]
[EventRounds "9"]
[EventCountry "GER"]
[SourceTitle "EXT 2006"]
[Source "ChessBase"]
[SourceDate "2005.11.24"]
[SourceVersion "1"]
[SourceVersionDate "2005.11.24"]
[SourceQuality "1"]
[WhiteTeam "Bayern Muenchen III"]
[BlackTeam "Muenchen Sendling"]
[WhiteTeamCountry "GER"]
[BlackTeamCountry "GER"]

1. f4 Nf6 2. Nf3 g6 3. g3 Bg7 4. Bg2 0-0 5. d3 c5 6. 0-0 Nc6 7. Qe1 d5 8. a4 b6 9. Na3 Bb7 10. c3 Na5 11. Nc2 Nb3 12. Ra3 Nxc1 13. Qxc1 Rc8 14. Ne3 Qc7 15. Ne5 e6 16. g4 Nd7 17. Nxd7 Qxd7 18. f5 exf5 19. gxf5 d4 20. Bxb7 Qxb7 21. Ng4 gxf5 22. Rxf5 Rc6 23. Qf4 Rg6 24. Rg5 Qe7 25. Rxg6 fxg6 26. Qe4 Qg5 27. Kh1 h5 0-1

[Event "Landesliga Sued 0203"]
[Site "Bayern"]
[Date "2003.03.09"]
[Round "8.1"]
[White "Danschczyk, Christian"]
[Black "Riedel, Wolfgang"]
[Result "1-0"]
[WhiteElo "2277"]
[BlackElo "2306"]
[PlyCount "71"]
[EventDate "2002.10.20"]
[EventType "team-tourn"]
[EventRounds "9"]
[EventCountry "GER"]
[SourceTitle "EXT 2004"]
[Source "ChessBase"]
[SourceDate "2003.11.25"]
[SourceVersion "1"]
[SourceVersionDate "2003.11.25"]
[SourceQuality "1"]
[WhiteTeam "Muenchen Sendling"]
[BlackTeam "Graefelfing"]
[WhiteTeamCountry "GER"]
[BlackTeamCountry "GER"]

1. d4 Nf6 2. c4 g6 3. Nc3 Bg7 4. e4 0-0 5. Nf3 c6 6. e5 Ne8 7. Bf4 d6 8. h3 Nd7 9. exd6 Nxd6 10. Be2 c5 11. d5 Nb6 12. Qb3 Bd7 13. 0-0 Nbc8 14. Rad1 b6 15. Bd3 a6 16. Rfe1 Ra7 17. Ne5 Bxe5 18. Bxe5 f6 19. Bf4 g5 20. Bc1 Rf7 21. Qc2 Rg7 22. Re3 Nf7 23. Rde1 Ne5 24. Rxe5 fxe5 25. Rxe5 h6 26. h4 Qc7 27. Qe2 Bg4 28. Qxg4 Qxe5 29. Qxc8+ Kf7 30. Bf5 Qe1+ 31. Kh2 Qxf2 32. Be6+ Kg6 33. h5+ Kxh5 34. Bg4+ Kg6 35. Qe6+ Qf6 36. Bf5+ 1-0

[Event "Landesliga Sued 0203"]
[Site "Bayern"]
[Date "2002.11.17"]
[Round "2.1"]
[White "Danschczyk, Christian"]
[Black "Vavrak, Peter"]
[Result "1-0"]
[WhiteElo "2277"]
[BlackElo "2412"]
[PlyCount "65"]
[EventDate "2002.10.20"]
[EventType "team-tourn"]
[EventRounds "9"]
[EventCountry "GER"]
[SourceTitle "EXT 2004"]
[Source "ChessBase"]
[SourceDate "2003.11.25"]
[SourceVersion "1"]
[SourceVersionDate "2003.11.25"]
[SourceQuality "1"]
[WhiteTeam "Muenchen Sendling"]
[BlackTeam "Muenchen Tarrasch"]
[WhiteTeamCountry "GER"]
[BlackTeamCountry "GER"]

1. c4 e6 2. Nf3 Nf6 3. Nc3 c5 4. e3 d5 5. d4 Nc6 6. a3 a6 7. cxd5 exd5 8. Be2 Be7 9. 0-0 c4 10. b3 cxb3 11. Qxb3 b5 12. Ne5 Na5 13. Qa2 0-0 14. Bf3 Be6 15. Bd2 Rc8 16. Nxd5 Nxd5 17. Bxa5 Qd6 18. Qd2 f6 19. Nd3 Nb6 20. Bb4 Qd7 21. Bxe7 Qxe7 22. Nc5 Rxc5 23. dxc5 Qxc5 24. Qa5 Bc8 25. Rfd1 Nc4 26. Qb4 Qb6 27. Qe7 Be6 28. Rd7 Bf7 29. Bd5 Ne5 30. Bxf7+ Nxf7 31. Rc1 Qb8 32. Rcc7 Kh8 33. h4 1-0

[Event "Oberliga Bayern 0102"]
[Site "Bayern"]
[Date "2002.04.14"]
[Round "8.1"]
[White "Danschczyk, Christian"]
[Black "Velicka, Petr"]
[Result "1-0"]
[WhiteElo "2290"]
[BlackElo "2460"]
[PlyCount "113"]
[EventDate "2001.10.07"]
[EventType "team"]
[EventRounds "9"]
[EventCountry "GER"]
[SourceTitle "EXT 2003"]
[Source "ChessBase"]
[SourceDate "2002.11.25"]
[SourceVersion "1"]
[SourceVersionDate "2002.11.25"]
[SourceQuality "1"]
[WhiteTeam "Muenchen Sendling"]
[BlackTeam "Passau"]
[WhiteTeamCountry "GER"]
[BlackTeamCountry "GER"]

1. c4 e5 2. a3 g6 3. d4 d6 4. dxe5 dxe5 5. Qxd8+ Kxd8 6. Nc3 c6 7. g3 Be6 8. b3 Bh6 9. Nf3 f6 10. Bg2 Nd7 11. 0-0 Kc7 12. Rb1 a5 13. Rd1 Bxc1 14. Rbxc1 Nh6 15. Nd5+ Kb8 16. Nxf6 Nxf6 17. Rd6 Re8 18. Ng5 Bxc4 19. bxc4 Nhg8 20. Rb1 Ka7 21. Nxh7 Nxh7 22. Rd7 Rab8 23. Rxh7 Re7 24. Rxe7 Nxe7 25. Rd1 Kb6 26. Rd6 Kc5 27. Re6 Nf5 28. Rxe5+ Kxc4 29. Rxa5 c5 30. e4 b6 31. Ra7 Nd4 32. e5 g5 33. Ra8 Rxa8 34. Bxa8 Kd3 35. Bd5 c4 36. e6 Nf5 37. f3 Ne7 38. Be4+ Ke3 39. h4 gxh4 40. gxh4 Kf4 41. Kf2 b5 42. Ke2 Ke5 43. h5 Kxe6 44. h6 Kf6 45. h7 Kg7 46. Ke3 Nc8 47. Kd4 Nd6 48. Bc2 Nb7 49. Kc3 Nc5 50. Kb4 Ne6 51. Bf5 Ng5 52. Kxb5 c3 53. Kb4 Nxf3 54. Kxc3 Ne5 55. a4 Nc6 56. Be4 Nd8 57. Bd5 1-0

[Event "Oberliga Bayern 0102"]
[Site "Bayern"]
[Date "2001.11.25"]
[Round "3.1"]
[White "Danschczyk, Christian"]
[Black "Schnelzer, Reinhold"]
[Result "1/2-1/2"]
[WhiteElo "2290"]
[BlackElo "2255"]
[PlyCount "40"]
[EventDate "2001.10.07"]
[EventType "team"]
[EventRounds "9"]
[EventCountry "GER"]
[SourceTitle "EXT 2003"]
[Source "ChessBase"]
[SourceDate "2002.11.25"]
[SourceVersion "1"]
[SourceVersionDate "2002.11.25"]
[SourceQuality "1"]
[WhiteTeam "Muenchen Sendling"]
[BlackTeam "Haunstetten"]
[WhiteTeamCountry "GER"]
[BlackTeamCountry "GER"]

1. Nf3 d5 2. d4 Nf6 3. c4 e6 4. Nc3 Be7 5. Bg5 0-0 6. e3 Nbd7 7. Qc2 b6 8. cxd5 exd5 9. 0-0-0 Bb7 10. Kb1 Rc8 11. Bd3 Ne4 12. h4 f5 13. Ne5 Nxe5 14. Bxe4 fxe4 15. dxe5 Bxg5 16. hxg5 Qe7 17. f4 c6 18. g4 g6 19. Qh2 Rf7 20. Rdf1 Re8 1/2-1/2

[Event "Landesliga Sued 0001"]
[Site "Bayern"]
[Date "2001.01.14"]
[Round "4"]
[White "Danschczyk, Christian"]
[Black "Andersen, Jens Knud"]
[Result "1/2-1/2"]
[WhiteElo "2290"]
[BlackElo "2225"]
[PlyCount "81"]
[EventDate "2000.10.15"]
[EventType "team-tourn"]
[EventRounds "9"]
[EventCountry "GER"]
[SourceTitle "EXT 2020"]
[Source "ChessBase"]
[SourceDate "2019.10.17"]
[SourceVersion "1"]
[SourceVersionDate "2019.10.17"]
[SourceQuality "1"]
[WhiteTeam "Sendling SC"]
[BlackTeam "Muenchen Siemens"]
[WhiteTeamCountry "GER"]
[BlackTeamCountry "GER"]

1. c4 f5 2. g3 Nf6 3. Bg2 d6 4. Nc3 e5 5. d3 c5 6. Nf3 Nc6 7. 0-0 g6 8. Ne1 Bg7 9. Nc2 0-0 10. Rb1 Bd7 11. a3 Rc8 12. b4 b6 13. b5 Ne7 14. Bg5 Be6 15. Ne3 f4 16. Ned5 Nfxd5 17. Nxd5 Bxd5 18. Bxd5+ Kh8 19. Bxe7 Qxe7 20. Be4 Qg5 21. Kg2 Bf6 22. a4 Bd8 23. Ra1 Bc7 24. Qc1 Kg7 25. Rh1 h5 26. h4 Qh6 27. Bf3 Rf6 28. g4 hxg4 29. Bxg4 Rh8 30. Rh3 g5 31. h5 Rf7 32. Qh1 Qf6 33. Rd1 Kh6 34. Kf1 Bd8 35. Qe4 Rg7 36. Ke1 Qe7 37. Kd2 Qb7 38. Qxb7 Rxb7 39. Ke1 Re7 40. Kf1 Bc7 41. f3 1/2-1/2

[Event "Landesliga Sued 9900"]
[Site "Bayern"]
[Date "2000.03.26"]
[Round "8.1"]
[White "Hecht, Hans Joachim"]
[Black "Danschczyk, Christian"]
[Result "1-0"]
[WhiteElo "2425"]
[BlackElo "2315"]
[PlyCount "57"]
[EventDate "1999.10.10"]
[EventType "team-tourn"]
[EventRounds "9"]
[EventCountry "GER"]
[SourceTitle "EXT 2020"]
[Source "ChessBase"]
[SourceDate "2019.10.17"]
[SourceVersion "1"]
[SourceVersionDate "2019.10.17"]
[SourceQuality "1"]
[WhiteTeam "Fuerstenfeldbruck TuS"]
[BlackTeam "Sendling SC"]
[WhiteTeamCountry "GER"]
[BlackTeamCountry "GER"]

1. Nf3 Nf6 2. c4 g6 3. Nc3 Bg7 4. e4 d6 5. d4 0-0 6. Be2 e5 7. Be3 Ng4 8. Bg5 f6 9. Bh4 g5 10. Bg3 Nh6 11. h3 Nc6 12. d5 Nd4 13. Nxd4 exd4 14. Qxd4 f5 15. Qd2 f4 16. Bh2 Nf7 17. h4 h6 18. hxg5 hxg5 19. f3 c5 20. g3 g4 21. 0-0-0 gxf3 22. gxf4 fxe2 23. Qxe2 Nh6 24. Rdg1 Qh4 25. f5 Qe7 26. Bf4 Nxf5 27. Qh5 Rf6 28. exf5 Bxf5 29. Qh8+ 1-0

[Event "Landesliga Sued 9900"]
[Site "Bayern"]
[Date "2000.01.30"]
[Round "5.1"]
[White "Schneider, Attila"]
[Black "Danschczyk, Christian"]
[Result "1/2-1/2"]
[WhiteElo "2370"]
[BlackElo "2315"]
[PlyCount "104"]
[EventDate "1999.10.10"]
[EventType "team-tourn"]
[EventRounds "9"]
[EventCountry "GER"]
[SourceTitle "EXT 2020"]
[Source "ChessBase"]
[SourceDate "2019.10.17"]
[SourceVersion "1"]
[SourceVersionDate "2019.10.17"]
[SourceQuality "1"]
[WhiteTeam "Starnberg SC"]
[BlackTeam "Sendling SC"]
[WhiteTeamCountry "GER"]
[BlackTeamCountry "GER"]

1. Nf3 Nf6 2. c4 g6 3. g3 Bg7 4. Bg2 0-0 5. 0-0 d6 6. d4 Nc6 7. Nc3 a6 8. d5 Na5 9. b3 c5 10. dxc6 Nxc6 11. Bb2 Rb8 12. Rc1 Bd7 13. Nd4 Qa5 14. e3 Rfe8 15. a3 Nxd4 16. exd4 e5 17. b4 Qc7 18. Nd5 Nxd5 19. Bxd5 Rbd8 20. Qd2 Bc8 21. Rfe1 h5 22. f4 Kh7 23. dxe5 dxe5 24. Bxe5 Bxe5 25. fxe5 Rxe5 26. Rxe5 Qxe5 27. Re1 Qd6 28. Qf4 Qxf4 29. gxf4 Rd7 30. Re8 Rc7 31. c5 Kg7 32. Kf2 Kf6 33. Rf8 Be6 34. Bf3 Ke7 35. Rb8 Bc8 36. Ke3 Kd8 37. Kd4 Re7 38. a4 Kc7 39. Ra8 Bd7 40. Ra7 Bc6 41. Bxc6 Kxc6 42. Ra8 f5 43. Rc8+ Kd7 44. Rg8 Re4+ 45. Kc3 Rxf4 46. Rxg6 Rh4 47. Rd6+ Kc7 48. Rf6 Rh3+ 49. Kc4 Rxh2 50. b5 axb5+ 51. axb5 h4 52. Rf7+ Kc8 1/2-1/2

[Event "Landesliga Sued 9900"]
[Site "Bayern"]
[Date "1999.11.07"]
[Round "2.2"]
[White "Wolfsteiner, Helmut"]
[Black "Danschczyk, Christian"]
[Result "0-1"]
[WhiteElo "2245"]
[BlackElo "2290"]
[PlyCount "78"]
[EventDate "1999.10.10"]
[EventType "team-tourn"]
[EventRounds "9"]
[EventCountry "GER"]
[SourceTitle "EXT 2020"]
[Source "ChessBase"]
[SourceDate "2019.10.17"]
[SourceVersion "1"]
[SourceVersionDate "2019.10.17"]
[SourceQuality "1"]
[WhiteTeam "Kriegshaber SK"]
[BlackTeam "Sendling SC"]
[WhiteTeamCountry "GER"]
[BlackTeamCountry "GER"]

1. c4 Nf6 2. Nc3 g6 3. g3 Bg7 4. Bg2 0-0 5. Nf3 d6 6. 0-0 Nc6 7. d4 a6 8. d5 Na5 9. Nd2 c5 10. Qc2 Rb8 11. b3 b5 12. Bb2 bxc4 13. bxc4 Bh6 14. f4 e5 15. dxe6 Bxe6 16. Nd5 Rxb2 17. Qxb2 Bg7 18. Qc2 Bxd5 19. cxd5 Ng4 20. Qd3 Ne3 21. Kh1 Re8 22. Rac1 Bb2 23. Ne4 Nxf1 24. Rxf1 c4 25. Qc2 Bg7 26. Qa4 Re7 27. Bf3 c3 28. Rc1 Qb6 29. Kg2 Qe3 30. Rc2 Nb7 31. Qxa6 Rxe4 32. Qxb7 Bd4 33. Qb5 Qg1+ 34. Kh3 Re3 35. f5 Qf1+ 36. Kg4 h5+ 37. Kg5 Rxf3 38. Qe8+ Kg7 39. exf3 Qxf3 0-1

[Event "Regionalliga SW 9899"]
[Site "Bayern"]
[Date "1999.??.??"]
[Round "6.3"]
[White "Fischer, Michael"]
[Black "Danschczyk, Christian"]
[Result "0-1"]
[WhiteElo "2001"]
[BlackElo "2250"]
[PlyCount "38"]
[EventDate "1998.??.??"]
[EventType "team-tourn"]
[EventRounds "9"]
[EventCountry "GER"]
[SourceTitle "EXT 2020"]
[Source "ChessBase"]
[SourceDate "2019.10.17"]
[SourceVersion "1"]
[SourceVersionDate "2019.10.17"]
[SourceQuality "1"]
[WhiteTeam "Noerdlingen"]
[BlackTeam "Sendling"]
[WhiteTeamCountry "GER"]
[BlackTeamCountry "GER"]

1. e4 c5 2. Nf3 Nc6 3. d4 cxd4 4. Nxd4 Nf6 5. Nc3 e5 6. Ndb5 d6 7. Bg5 a6 8. Bxf6 gxf6 9. Na3 b5 10. Nd5 f5 11. Bd3 Be6 12. Qh5 Rg8 13. c4 Nd4 14. cxb5 Bxd5 15. exd5 Qa5+ 16. Kd1 Rxg2 17. Rc1 axb5 18. Nxb5 Nxb5 19. Qxf5 Bh6 0-1

[Event "Oberliga Nord W 9697"]
[Site "Germany"]
[Date "1996.10.13"]
[Round "1.2"]
[White "Danschczyk, Christian"]
[Black "Sawatzki, Frank"]
[Result "1-0"]
[WhiteElo "2275"]
[BlackElo "2275"]
[PlyCount "77"]
[EventDate "1996.10.??"]
[EventType "team"]
[EventRounds "9"]
[EventCountry "GER"]
[SourceTitle "EXT 2003"]
[Source "ChessBase"]
[SourceDate "2002.11.25"]
[SourceVersion "1"]
[SourceVersionDate "2002.11.25"]
[SourceQuality "1"]
[WhiteTeam "Braunschweig SF"]
[BlackTeam "Goettingen"]
[WhiteTeamCountry "GER"]
[BlackTeamCountry "GER"]

1. d4 Nf6 2. c4 g6 3. Nc3 Bg7 4. e4 d6 5. Nf3 0-0 6. Be2 e5 7. 0-0 Nc6 8. d5 Ne7 9. b4 Nh5 10. c5 Nf4 11. Bxf4 exf4 12. Rc1 h6 13. Nd2 a5 14. cxd6 cxd6 15. bxa5 Rxa5 16. Qb3 g5 17. Nc4 Ra6 18. Rfd1 Ng6 19. Na4 Bd7 20. Ncb6 Bxa4 21. Nxa4 Ra8 22. Nb6 Rb8 23. a4 Ne5 24. a5 g4 25. Bb5 h5 26. f3 Kh8 27. Rc2 Rg8 28. Kh1 gxf3 29. gxf3 Qh4 30. Nd7 Nxd7 31. Bxd7 Bd4 32. Qb4 Be3 33. Qxd6 Qg5 34. h4 Qxh4+ 35. Rh2 Qg5 36. Bg4 h4 37. Qc7 Kg7 38. Qc3+ f6 39. d6 1-0

[Event "Bundesliga 9495"]
[Site "Germany"]
[Date "1994.??.??"]
[Round "?.6"]
[White "Danschczyk, Christian"]
[Black "Werner, Marc"]
[Result "1/2-1/2"]
[WhiteElo "2305"]
[BlackElo "2345"]
[PlyCount "74"]
[EventDate "1994.10.08"]
[EventType "team-tourn"]
[EventRounds "15"]
[EventCountry "GER"]
[SourceTitle "GER-chT"]
[Source "ChessBase"]
[SourceDate "1999.07.01"]
[SourceVersion "1"]
[SourceVersionDate "1999.07.01"]
[SourceQuality "1"]
[WhiteTeam "Stadthagen"]
[BlackTeam "Tuebingen"]
[WhiteTeamCountry "GER"]
[BlackTeamCountry "GER"]

1. d4 d5 2. c4 c6 3. Nf3 Nf6 4. Nc3 e6 5. Bg5 h6 6. Bh4 dxc4 7. e4 g5 8. Bg3 b5 9. Be2 Nbd7 10. e5 Nh5 11. Nd2 Nxg3 12. fxg3 Be7 13. Bh5 Rf8 14. Qg4 Qb6 15. 0-0 Nxe5 16. Qe4 Nd7 17. Rxf7 Rxf7 18. Rf1 Nf6 19. Qg6 Qxd4+ 20. Kh1 Bd7 21. Qxf7+ Kd8 22. Nf3 Qc5 23. Rd1 Kc7 24. Nd4 Rd8 25. Bf3 e5 26. b4 Qxb4 27. Ndxb5+ cxb5 28. Nd5+ Nxd5 29. Qxd5 Rb8 30. Qxd7+ Kb6 31. Qc6+ Ka5 32. Qc7+ Rb6 33. Qxa7+ Ra6 34. Qc7+ Rb6 35. Qa7+ Ra6 36. Qc7+ Rb6 37. Qa7+ Ra6 1/2-1/2

[Event "BL2-Nord 9293"]
[Site "Germany"]
[Date "1993.??.??"]
[Round "?.1"]
[White "Danschczyk, Christian"]
[Black "Romanishin, Oleg M"]
[Result "1/2-1/2"]
[WhiteElo "2290"]
[BlackElo "2590"]
[PlyCount "99"]
[EventDate "1992.10.??"]
[EventType "team-tourn"]
[EventRounds "9"]
[EventCountry "GER"]
[SourceTitle "GER-chT2"]
[Source "ChessBase"]
[SourceDate "1999.07.01"]
[SourceVersion "1"]
[SourceVersionDate "1999.07.01"]
[SourceQuality "1"]
[WhiteTeam "Hannover Post"]
[BlackTeam "Luebeck"]
[WhiteTeamCountry "GER"]
[BlackTeamCountry "GER"]

1. c4 e5 2. Nc3 Nf6 3. e3 Bb4 4. Nge2 c6 5. a3 Ba5 6. d4 d6 7. b4 Bc7 8. Ng3 0-0 9. Be2 d5 10. cxd5 exd4 11. Qxd4 cxd5 12. 0-0 Nc6 13. Qh4 Ne5 14. Bb2 Ng6 15. Qd4 Be6 16. Rad1 Qe7 17. Nb5 Be5 18. Qd2 Rfc8 19. Bd4 a6 20. Qb2 Bxg3 21. Na7 Rxa7 22. Bxa7 Be5 23. Qb1 Ne4 24. f4 Bd6 25. Qb2 Nh4 26. g4 f5 27. g5 a5 28. Bd4 axb4 29. axb4 Bxb4 30. Rb1 Nc3 31. Qxb4 Nxe2+ 32. Kf2 Qxb4 33. Rxb4 Nxd4 34. exd4 Rc2+ 35. Kg3 Rc3+ 36. Kxh4 Rc7 37. Rfb1 Bc8 38. Kg3 Kf7 39. R1b3 Ke7 40. Kf3 Rc6 41. Rxb7+ Bxb7 42. Rxb7+ Kf8 43. Rd7 Rc3+ 44. Ke2 Rc2+ 45. Kd3 Rf2 46. Ke3 Rxh2 47. Rxd5 Rh3+ 48. Kf2 g6 49. Rd7 Ke8 50. Ra7 1/2-1/2

[Event "BL2-Nord 9293"]
[Site "Germany"]
[Date "1992.??.??"]
[Round "?.1"]
[White "Preuschoff, Michael"]
[Black "Danschczyk, Christian"]
[Result "1/2-1/2"]
[WhiteElo "2270"]
[BlackElo "2290"]
[PlyCount "137"]
[EventDate "1992.10.??"]
[EventType "team-tourn"]
[EventRounds "9"]
[EventCountry "GER"]
[SourceTitle "GER-chT2"]
[Source "ChessBase"]
[SourceDate "1999.07.01"]
[SourceVersion "1"]
[SourceVersionDate "1999.07.01"]
[SourceQuality "1"]
[WhiteTeam "Rehberge"]
[BlackTeam "Hannover Post"]
[WhiteTeamCountry "GER"]
[BlackTeamCountry "GER"]

1. Nf3 Nf6 2. c4 g6 3. g3 Bg7 4. Bg2 0-0 5. 0-0 d6 6. Nc3 Nc6 7. Rb1 e5 8. b4 Bf5 9. d3 Qd7 10. b5 Nd8 11. e4 Bh3 12. d4 Bxg2 13. Kxg2 exd4 14. Nxd4 Ne6 15. Nb3 h5 16. Qc2 Rae8 17. a4 h4 18. Nd5 Nh5 19. Be3 c6 20. Nb4 Nef4+ 21. Kf3 Qh3 22. Bxf4 f5 23. Ke2 Nxf4+ 24. gxf4 Rxe4+ 25. Kd2 Qf3 26. Qd3 Qxf4+ 27. Kd1 Rxc4 28. Nc2 Rxa4 29. bxc6 bxc6 30. Nd2 Ra5 31. h3 Rd5 32. Qe3 Bh6 33. Qxf4 Bxf4 34. Ne3 Bxe3 35. fxe3 Rf7 36. Ke2 Kg7 37. Nf3 Kf6 38. Rfd1 Rxd1 39. Rxd1 d5 40. Rc1 Rc7 41. Nxh4 g5 42. Nf3 c5 43. Ra1 f4 44. Ra6+ Kf5 45. Rd6 fxe3 46. Rxd5+ Kf6 47. Nxg5 c4 48. Nf3 c3 49. Rd1 c2 50. Rc1 Rc3 51. Ne1 Kg5 52. Ng2 a5 53. Nxe3 Kh4 54. Kd2 Rc8 55. Nxc2 Kxh3 56. Rg1 a4 57. Kc1 Rc3 58. Rg8 Rg3 59. Ra8 Rg4 60. Kb2 Kg3 61. Ka3 Kf2 62. Nb4 Kf3 63. Kxa4 Re4 64. Kb5 Ke3 65. Kc5 Rh4 66. Nd5+ Kf3 67. Ra3+ Kf2 68. Nf6 Rf4 69. Nd7 1/2-1/2